Czego życzysz z okazji urodzin? - Statystyki

Ogólne statystyki
  • Ten quiz został rozwiązany 8 razy
  • Średni wynik to 4 z 6
Statystyki odpowiedzi
Hint Odpowiedź % Poprawnych
3. Szczęścia
100%
1. Zdrowia
100%
2. Pieniędzy
86%
4. Pomyślności
71%
5. Wszystkiego najlepszego
14%
6. Stu Lat
0%
Nie znaleziono quizów pasujących do podanych kryteriów
Rozkład punktacji
Procent ludzi z każdym wynikiem
Percentyl według liczby udzielonych odpowiedzi
Twoja historia wyników
Nie rozwiązałeś tego quizu